Lecturas de metodología de las ciencias sociales: texto de apoyo a los estudiantes /

Wedi'i Gadw mewn:
Manylion Llyfryddiaeth
Prif Awdur: Bengoechea, Sonia
Awdur Corfforaethol: Universidad de San Carlos de Guatemala. Escuela de Ciencia Política. Instituto de Investigaciones Politicas y Sociales
Awduron Eraill: Cortés, Fernando Zemelman, Hugo Luengo, Enrique Marcos, Patricio Eisner, Elliot W. Friedrich, Walter Vetter, Berndt Tecla J., Alfredo de Schutter, Antón Aceves Lozano, Jorge E. Giglia, Angela Pensado Leglise, Patricia Camare
Fformat: Texto
Cyhoeddwyd: Guatemala: Foto publicaciones
Pynciau:
Tagiau: Ychwanegu Tag
Dim Tagiau, Byddwch y cyntaf i dagio'r cofnod hwn!

MARC

LEADER 00000 a a2200000 04500
001 31630
003
040 |a CRAI/IIS  |c CRAI/IIS 
090 |a 199119  
100 |a Bengoechea, Sonia  
110 |a Universidad de San Carlos de Guatemala. Escuela de Ciencia Política. Instituto de Investigaciones Politicas y Sociales.  
245 |a Lecturas de metodología de las ciencias sociales: texto de apoyo a los estudiantes /  |c Sonia Bengoechea  
260 |a Guatemala:   |b Foto publicaciones  
300 |a 250 p.  
650 |a INVESTIGACION SOCIAL  
650 |a ANALISIS DE CONTENIDO  
650 |a METODOLOGIA  
700 |a Cortés, Fernando   |a Zemelman, Hugo   |a Luengo, Enrique   |a Marcos, Patricio   |a Eisner, Elliot W.   |a Friedrich, Walter   |a Vetter, Berndt   |a Tecla J., Alfredo   |a de Schutter, Antón   |a Aceves Lozano, Jorge E.   |a Giglia, Angela   |a Pensado Leglise, Patricia   |a Camare  
999 |c 17632  |d 17632